| 000 | 00000nam 2200000zi 4500 |
| 001 | 9.936228 |
| 003 | CaOODSP |
| 005 | 20250205145049 |
| 006 | m o d f |
| 007 | cr |n||||||||| |
| 008 | 240321e20100615onca o f|0| 0 eng d |
| 040 | |aCaOODSP|beng|erda|cCaOODSP |
| 043 | |an-cn--- |
| 086 | 1 |aEn4-684/2010E-PDF |
| 245 | 10|aEnvironment Canada's departmental awards ceremony, 2010. |
| 264 | 1|a[Ottawa] : |bEnvironment Canada, |cJune 15, 2010. |
| 264 | 4|c©2010 |
| 300 | |a1 online resource (35 pages) : |billustrations |
| 336 | |atext|btxt|2rdacontent |
| 337 | |acomputer|bc|2rdamedia |
| 338 | |aonline resource|bcr|2rdacarrier |
| 500 | |aDigitized edition from print [produced by Environment and Climate Change Canada]. |
| 500 | |aIssued also in French under title: Cérémonie de remise des prix ministériels d'Environnement Canada, 2010. |
| 500 | |a"Presented at the National Gallery of Canada, Ottawa, Ontario." |
| 610 | 10|aCanada. |bEnvironment Canada|xAwards. |
| 650 | 0|aAward presentations|zCanada. |
| 710 | 1 |aCanada. |bEnvironment Canada, |eissuing body. |
| 775 | 08|tCérémonie de remise des prix ministériels d'Environnement Canada, 2010.|w(CaOODSP)9.930550 |
| 856 | 40|qPDF|s13.30 MB|uhttps://publications.gc.ca/collections/collection_2025/eccc/en4/En4-684-2010-eng.pdf |